000 00875nam0a22002651 4500
001 rc\2928176
005 20250529225918.0
035 _a(NLR Aleph) 007077813
090 _a6445946
_c6445946
100 _a20080125d1933 |||y0rusy50 ca
101 0 _arus
102 _aRU
105 _ay z ||||y
200 1 _aВ плену у белополяков
_fС. Бройде
205 _a3 изд.
210 _aМосква
_cМоск. т-во писателей
_d[1933]
_eЛенинград
_gтип. "Ленингр. правда"
215 _a254 с., 1 с. объявл.
_d18х13 см
300 _aПереплет: Б. Рыбченков
700 1 _aБройде
_bС.О.
_gСоломон Оскарович
702 1 _aРыбченков
_bБ.
_4570
801 0 _aRU
_bNLR
_gpsbo
801 1 _aRU
_bELAR
_2rusmarc
852 _aNLR
_j34-2/291
942 _cBOOK
980 _aNB